000 01070nam a22003137a 4500
001 0074
003 DO-SdBNP
005 20171109101846.0
007 0074
008 151006b1986 sp||| |||| 00| 0 spa d
020 _a8485252160
040 _aBPMSU
_bspa
_cBPMSU
082 4 _a371.92
_bP438o
100 1 0 _aPérez Portabella, Francisco Javier
245 1 0 _aOrientaciones psicopedagogicas para la intengración del deficiente /
_cFrancisco Javier Pérez-Portabella, Begoña Urquia Martínez ; prólogo Luis Folch i Camarasa
250 _a6a ed.
260 _aMadrid :
_bCiencias de la Educación Preescolar y Especial
_c1986
300 _a371 p.
_bil.
_c24 cm.
490 1 0 _aEducación especial
_v1
504 _aBibliografía : p. 361-363
650 _aNIÑOS CON DISCAPACIDADES MENTALES
700 1 0 _aUrquía Martínez, Begoña
700 1 0 _aJordana Pozas, Jorge de,
_epról.
830 1 0 _aEducación especial
_n1
942 _2ddc
_cBK
945 _aInventariado extranjero / 2017 VM
956 _aBrenda Tavárez
956 _aValidado. Control de calidad MFF
999 _c8333
_d8333